000 00863nas a22002177a 4500
005 20240305165412.0
007 cr|||| ||||
008 130503c2012 pk |||| s|||| 0|||a1eng d
035 _a7291
040 _avLex
090 _c4263
_d4263
245 0 4 _aThe Korea Times
_h[Recurso electrónico]
256 _aServicio en línea
260 _aKarachi :
_bAsiaNet Pakistan (Pvt),
_c2012-
300 _a1 Recurso electrónico
506 _dvLex Global
_dvLex Global (Academic Edition, excluding Law Schools)
_dvLex Global (U.S. Academic Edition, Law Schools)
_dvLex Global (U.S. Academic Edition, excluding Law Schools)
_dvLex Global (Academic Edition, Law Schools)
650 0 4 _aInformación general
_vRevistas
_zCorea del Sur
740 _avLex Revistas (Servicio en línea)
856 _aAcceso restringido
_uhttp://www.vlex.com/source/7291
942 _cRAA
999 _c162631
_d162631